000 00750nam a2200265Ia 4500
008 160901s9999 xx 000 0 und d
020 _a978-981-4384-23-0
050 _aComSc QA 76.73
050 _b.C154D69 2012 c.1
100 _aDoyle. Barbara.
245 _aC# programming :
245 _bproblem analysis to program design /
245 _cBarbara Doyle.
260 _aSingapore :
260 _bCengage Learning Asia Pte Ltd.,
260 _c2012
300 _a997 pages :
300 _bill. ;
300 _c23 cm.
500 _aIncludes index.
650 _aComputer programming.
650 _aInternet programming.
650 _xC# (Computer program language).
650 _xObject-oriented programming (Computer science).
999 _c300789
_d300789